Statistics for Emma Characters

Click here to take the quiz!

General Stats

  • This quiz has been taken 11 times
    (10 since last reset)
  • The average score is 9 of 12

Answer Stats

HintAnswer% Correct
"___________, in fact, was one of the few people who could see faults in Emma Woodhouse, and the only one who ever told her of them[.]"Mr. Knightley
100%
"___________ was the natural daughter of somebody."Harriet Smith
90%
"“I do own myself to have been completely mistaken in ____________. There is a littleness about him which you discovered, and which I did not[.]"Mr. Elton
90%
'“I believe it is very true, my dear, indeed,” said _________, with a sigh. “I am afraid I am sometimes very fanciful and troublesome.”'Mr. Woodhouse
90%
"He had used every body ill—and they are all delighted to forgive him.—He is a fortunate man indeed!”Frank Churchill
80%
"There was a strange rumour in Highbury of all the little Perrys being seen with a slice of _________'s wedding-cake in their hands[.]"Mrs. Weston
80%
"I wish ________ very well; but she tires me to death.”Jane Fairfax
70%
"She was a great talker upon little matters[.]"Miss Bates
70%
"_____________ was a tall, gentleman-like, and very clever man; rising in his profession, domestic, and respectable in his private character[.]"Mr. John Knightley
60%
"She was not a woman of strong understanding or any quickness[.]"Isabella Knightley
50%
"______ was a vain woman, extremely well satisfied with herself, and thinking much of her own importance; that she meant to shine and be very superior[.]"Mrs. Elton
50%
"__________ was the mistress of a School[.]"Mrs. Goddard
50%

Score Distribution

Percentile by Number Answered

Percent of People with Each Score

Your Score History

You have not taken this quiz since the last reset